| 000 | 00531nam a2200193Ia 4500 | ||
|---|---|---|---|
| 005 | 20260429112155.0 | ||
| 008 | 260429s9999||||xx |||||||||||||| ||und|| | ||
| 020 | _a9781032472744 | ||
| 041 | _aEnglish | ||
| 082 |
_a341.2 _bHAR |
||
| 100 | _aHarrington, Alexandra R. | ||
| 245 | 0 |
_aInternational organizations and the law / _cAlexandra R. Harrington |
|
| 250 | _a2nd ed. | ||
| 260 |
_aLondon : _bRoutledge, _c2024. |
||
| 300 | _axviii, 337 p.; pbk | ||
| 650 | _a Law | ||
| 650 | _aInternational organizations | ||
| 942 | _cTB | ||
| 999 |
_c52725 _d52725 |
||